La poesía en la enseñanza del Derecho (Registro nro. 21855)

Detalles MARC
000 -LEADER
fixed length control field 00318 a2200109 4500
001 - CONTROL NUMBER
control field ART_56391
005 - DATE AND TIME OF LATEST TRANSACTION
control field 20260410161815.0
008 - FIXED-LENGTH DATA ELEMENTS--GENERAL INFORMATION
fixed length control field 260409a
100 1# - MAIN ENTRY--PERSONAL NAME
Personal name Cardinaux, Nancy
245 10 - TITLE STATEMENT
Title La poesía en la enseñanza del Derecho
773 0# - HOST ITEM ENTRY
Title Academia
Related parts - Año 16, Nº 32 (jul./dic. 2018)
Record control number REV4314

No hay ítems disponibles.